000
00282 a2200097 4500
090
_c
4395
_d
4395
100
_a
T.J.Bentley
245
_a
Report Writing in Busiess
_b
The Effective Communication of Information
260
_a
Viva Books
_b
New Delhi
_c
2004
942
_a
NBS
_c
BK
_k
808.066651 BEN
999
_c
346840
_d
346840